GETS Theological Seminary Library

Christianity in China (Record no. 21513)

MARC details
000 -LEADER
fixed length control field 00555nam a2200193Ia 4500
008 - FIXED-LENGTH DATA ELEMENTS--GENERAL INFORMATION
fixed length control field 200826s9999||||xx |||||||||||||| ||und||
020 ## - INTERNATIONAL STANDARD BOOK NUMBER
International Standard Book Number 7508508416
020 ## - INTERNATIONAL STANDARD BOOK NUMBER
International Standard Book Number 9787508508412
041 ## - LANGUAGE CODE
Language code of text/sound track or separate title eng
050 ## - LIBRARY OF CONGRESS CALL NUMBER
Classification number BR1285
Item number .M499 2005
100 ## - MAIN ENTRY--PERSONAL NAME
Personal name 梅康钧
245 #0 - TITLE STATEMENT
Title Christianity in China
Remainder of title /
Statement of responsibility, etc. 梅康钧 (Mei, Kangjun ),  Chengming Zhu
260 ## - PUBLICATION, DISTRIBUTION, ETC.
Place of publication, distribution, etc. Beijing :
Name of publisher, distributor, etc. Intercontinental Press,
Date of publication, distribution, etc. 2005
300 ## - PHYSICAL DESCRIPTION
Extent 120 p. :
Other physical details color ill. ;
Dimensions 21 cm.
650 ## - SUBJECT ADDED ENTRY--TOPICAL TERM
Topical term or geographic name entry element Christianity China.
700 ## - ADDED ENTRY--PERSONAL NAME
Personal name Mei, Kangjun
700 ## - ADDED ENTRY--PERSONAL NAME
Personal name Zhu, Chengming
Holdings
Withdrawn status Lost status Damaged status Not for loan Home library Current library Shelving location Date acquired Total Checkouts Full call number Barcode Date last seen Price effective from Koha item type
        GETS Theological Seminary Library GETS Theological Seminary Library General Stacks 08/26/2020   BR1285 .M499 2005 00009146 08/26/2020 08/26/2020 English Books
OpacCredits

Contact the Librarian, GETS Library
Email: library@mygets.org









Implemented by GETS Library
(Powered by ETCA Professional Group)
GETS Theological Seminary
412 E. Rowland Street, CA 91723